Statistics for European Geography By Letter - P

Click here to take the quiz!

General Stats

  • This quiz has been taken 53,542 times
    (53,186 since last reset)
  • The average score is 13 of 20

Answer Stats

ClueAnswer% Correct
Country invaded in 1939Poland
96%
Home to the Leaning TowerPisa
94%
Country in IberiaPortugal
91%
City destroyed by VesuviusPompeii
84%
Mountains between France and SpainPyrenees
77%
"La Ville-Lumière"Paris
71%
City that merged with Buda in 1873Pest
71%
Athens temple dedicated to AthenaParthenon
69%
London equivalent of Times Square{Piccadilly} Circus
68%
Historic German kingdom known
for its efficient military
Prussia
68%
Historical capital of BohemiaPrague
63%
Italian term for a city squarePiazza
60%
Port where the Pilgrims left for AmericaPlymouth
60%
Capital of SicilyPalermo
59%
Spanish city where bulls runPamplona
59%
Roman building with a concrete domePantheon
48%
Capital of MajorcaPalma
45%
One of 7 official cities in ScotlandPerth
38%
Town in far southwest England
overrun by musical pirates
Penzance
37%
Region in southern FranceProvence
30%

Score Distribution

Percentile by Number Answered

Percent of People with Each Score

Your Score History

You have not taken this quiz since the last reset